MARC

LEADER 00000nas1a2200000 4500
001 379937
005 20231102013118.0
035 |a (RuTPU)RU\TPU\prd\433 
035 |a PERI00000433 
090 |a 379937 
100 |a 20011210b k y0rusy50 ca 
101 0 |a rus 
102 |a RU 
110 |a afaz 0uu0 
200 1 |a Экономика нефтедобывающей промышленности  |e научно-экономический сборник  |f Всесоюзный научно-исследовательский институт организации, управления и экономики нефтегазовой промышленности 
210 |a Москва  |c ВНИИОЭНГ  |d 1966-1969 
326 |a 12 номеров в год 
610 1 |a нефтедобывающая промышленность 
610 1 |a экономика 
610 1 |a нефть 
610 1 |a скважины 
610 1 |a геологоразведочные работы 
675 |a 622.32:658.5  |v 3 
712 0 2 |a Всесоюзный научно-исследовательский институт организации, управления и экономики нефтегазовой промышленности  |2 stltpush  |3 (RuTPU)RU\TPU\col\7962  |9 24439 
801 0 |a RU  |b 63413507  |c 20011210  |g PSBO 
801 2 |a RU  |b 63413507  |c 20131127  |g RCR 
942 |c CR